00330cam a22001217a 4500008004000000082001600040100001500056245005500071260002700126300001000153500001300163650003200176180718b1946 xxu||||| |||| 00| 0 eng d aA99 H95/H95 aHusain, A. aFazl-i-Husain: a political biographycby A. Husain aBombaybLongmansc1946 a388p. aRs.15.00 aHusian, Fazi - i-,1877-1936